easy mental math quiz - Statistics

General Stats
  • This quiz has been taken 142 times
  • The average score is 19 of 30
Answer Stats
Question Answer % Correct
56+6 62
100%
27+7 34
97%
8*6 48
97%
30/5 6
97%
7*8 56
95%
16-9 7
88%
9*4 36
87%
14+9 23
86%
36+8 44
86%
25-9 16
85%
7*3 21
83%
42-7 35
81%
8+9 17
80%
64+6 70
78%
27+7 34
73%
64-8 56
65%
24+7 31
59%
35-9 26
53%
4*7 28
52%
25+8 33
52%
72+7 79
51%
75-8 67
42%
42/7 6
37%
35+9 44
35%
17-9 8
30%
81-7 74
23%
25+8 33
21%
54/6 9
20%
65+9 74
17%
49+6 55
15%
No matching quizzes found
Score Distribution
Percent of People with Each Score
Percentile by Number Answered
Your Score History
You have not taken this quiz